|
|
|
|
| LEADER |
00000nam0a2200000 4500 |
| 001 |
331092 |
| 005 |
20231102004325.0 |
| 035 |
|
|
|a (RuTPU)RU\TPU\book\356880
|
| 090 |
|
|
|a 331092
|
| 100 |
|
|
|a 20170414d1980 k y0rusy50 ca
|
| 101 |
0 |
|
|a rus
|
| 102 |
|
|
|a RU
|
| 105 |
|
|
|a y z 000zy
|
| 200 |
1 |
|
|a На плановом фронте
|f С. Г. Струмилин
|g Академия наук СССР (АН СССР)
|
| 210 |
|
|
|a Москва
|c Наука
|d 1980
|
| 215 |
|
|
|a 463 с.
|
| 606 |
1 |
|
|a Народное хозяйство
|x Планирование
|2 stltpush
|3 (RuTPU)RU\TPU\subj\36475
|9 57840
|
| 610 |
1 |
|
|a теория
|
| 610 |
1 |
|
|a история
|
| 610 |
1 |
|
|a планы
|
| 610 |
1 |
|
|a плановое хозяйство
|
| 610 |
1 |
|
|a цены
|
| 610 |
1 |
|
|a финансовые реформы
|
| 610 |
1 |
|
|a денежные реформы
|
| 610 |
1 |
|
|a инфляция
|
| 610 |
1 |
|
|a эмиссия
|
| 610 |
1 |
|
|a транспорт
|
| 610 |
1 |
|
|a сельское хозяйство
|
| 610 |
1 |
|
|a Госплан
|
| 610 |
1 |
|
|a СССР
|
| 610 |
1 |
|
|a перспективное планирование
|
| 610 |
1 |
|
|a индустриализация
|
| 610 |
1 |
|
|a пятилетки
|
| 610 |
1 |
|
|a дискуссии
|
| 610 |
1 |
|
|a тарифные системы
|
| 610 |
1 |
|
|a ценообразование
|
| 610 |
1 |
|
|a капитальные затраты
|
| 610 |
1 |
|
|a эффективность
|
| 686 |
|
|
|a У9(2)23
|v LBC/SL-A
|2 rubbk
|
| 700 |
|
1 |
|a Струмилин
|b С. Г.
|g Станислав Густавович
|
| 712 |
0 |
2 |
|a Академия наук СССР (АН СССР)
|c (Ленинград/Москва)
|c (1925-1991)
|2 stltpush
|3 (RuTPU)RU\TPU\col\722
|
| 801 |
|
1 |
|a RU
|b 63413507
|c 20170414
|
| 801 |
|
2 |
|a RU
|b 63413507
|c 20180414
|g RCR
|
| 942 |
|
|
|c BK
|